| 000 | 00529nam a2200181Ia 4500 | ||
|---|---|---|---|
| 999 |
_c5603 _d5603 |
||
| 008 | 200103s 1978 ||||xx |||||||||||||| ||und|| | ||
| 020 | _a0851741444 | ||
| 082 |
_a623.82 _bPUR |
||
| 100 | _aPursey, H. J. | ||
| 245 | 0 | _aMerchant ship construction : especially written for the merchant navy | |
| 250 | _a6th ed. | ||
| 260 |
_bBrown, Son and Ferguson, Ltd. _c1978 _aGlasgow |
||
| 300 | _axii, 217p. | ||
| 650 | _aRefrigerated ships | ||
| 650 | _aHawsepipes | ||
| 650 | _aStregthening for ice navigation | ||
| 942 | _cBK | ||